Informovanosť a postoje učiteľov k rovesníckej mediácii
Spôsoby riešenia konfliktov v škole prostredníctvom rovesníckej mediácie. Realizovaný prieskum a jeho zistenia.
Guardado en:
| Autor principal: | |
|---|---|
| Formato: | Capítulo de libro |
| Lenguaje: | eslovaco |
| Materias: | |
| Etiquetas: |
Sin Etiquetas, Sea el primero en etiquetar este registro!
|
MARC
| LEADER | 00000naa a2200000 4500 | ||
|---|---|---|---|
| 001 | 0221912 | ||
| 005 | 20240502073634.8 | ||
| 041 | 0 | |a slo | |
| 044 | |a SK | ||
| 245 | 1 | 0 | |a Informovanosť a postoje učiteľov k rovesníckej mediácii |c Zuzana Chmelárová |
| 520 | |a Spôsoby riešenia konfliktov v škole prostredníctvom rovesníckej mediácie. Realizovaný prieskum a jeho zistenia. | ||
| 610 | 2 | 0 | |a mediácia |
| 610 | 2 | 0 | |a kolektív |
| 610 | 2 | 0 | |a konflikty |
| 610 | 2 | 0 | |a postoje |
| 610 | 2 | 0 | |a správanie sociálne |
| 610 | 2 | 0 | |a prieskum |
| 610 | 2 | 0 | |a školstvo |
| 100 | 1 | |a Chmelárová, Zuzana, 1967- | |